[Event "IX Open Vallee d'Aoste A"]
[Site "Saint Vincent - Chatillon ITA"]
[Date "2001.02.08"]
[Round "6"]
[White "Rogers, Ian"]
[Black "Efimov, Igor"]
[Result "1-0"]
[WhiteElo "2529"]
[BlackElo "2480"]
[PlyCount "61"]
[EventDate "2001.02.03"]

1. d4 d5 2. c4 e6 3. Nc3 Be7 4. Nf3 Nf6 5. Bg5 Nbd7 6. e3 O-O 7. cxd5 exd5 8.
Qc2 h6 9. Bf4 Nb6 10. Bd3 Be6 11. h3 Rc8 12. O-O c5 13. dxc5 Bxc5 14. Rfd1 Qe7
15. Qe2 Rfe8 16. Rac1 Ne4 17. Nb5 Bf5 18. Nfd4 Bh7 19. Nxa7 Ra8 20. Nab5 Rxa2
21. Rxc5 Nxc5 22. Bxh7+ Kxh7 23. Bd6 Qf6 24. Bxc5 Nc4 25. Nc7 Rd8 26. Nxd5 Qe5
27. Qxc4 Qxd5 28. Qxd5 Rxd5 29. Ba3 b5 30. Rb1 f5 31. Nc2 1-0

[Event "IX Open Vallee d'Aoste A"]
[Site "Saint Vincent - Chatillon ITA"]
[Date "2001.02.08"]
[Round "6"]
[White "Socko, Monika"]
[Black "Volzhin, Alexander"]
[Result "1/2-1/2"]
[WhiteElo "2348"]
[BlackElo "2542"]
[PlyCount "133"]
[EventDate "2001.02.03"]

1. Nf3 Nf6 2. g3 d5 3. Bg2 c6 4. d3 Bg4 5. b3 Nbd7 6. Bb2 e6 7. Nbd2 Bc5 8. h3
Bxf3 9. Nxf3 O-O 10. O-O Qe7 11. c4 Ba3 12. Bxa3 Qxa3 13. Qc2 a5 14. Rab1 Rfe8
15. e4 dxe4 16. dxe4 e5 17. Rfe1 Qe7 18. Rbd1 Nc5 19. a3 Rad8 20. Rxd8 Qxd8 21.
b4 axb4 22. axb4 Nd3 23. Rb1 Nxe4 24. Rd1 Nexf2 25. Qxf2 Nxf2 26. Rxd8 Rxd8 27.
Kxf2 e4 28. Ne1 f5 29. Bf1 Kf7 30. Ng2 Kf6 31. Be2 g5 32. b5 Ke5 33. Ne3 f4 34.
Ng4+ Kd4 35. Nf6 f3 36. Bf1 Ra8 37. Nxh7 cxb5 38. cxb5 Ra2+ 39. Kg1 e3 40. Nxg5
e2 41. Nxf3+ Ke3 42. Bxe2 Rxe2 43. Ne5 Rc2 44. Nd7 Rc7 45. Nf6 Rc5 46. h4 Rf5
47. Ne8 Rxb5 48. Kg2 Re5 49. Nf6 Rf5 50. Ng4+ Kd4 51. Nf2 b5 52. g4 Rf8 53. h5
b4 54. Kg3 b3 55. Nd1 Rf1 56. Nb2 Ke4 57. h6 Rh1 58. Na4 Kd5 59. g5 Kd6 60. Kf3
Ke5 61. Kg2 Rh5 62. Nc5 Rxg5+ 63. Kf2 b2 64. Nd3+ Ke4 65. Nxb2 Rh5 66. Nc4 Rxh6
67. Nd2+ 1/2-1/2

[Event "IX Open Vallee d'Aoste A"]
[Site "Saint Vincent - Chatillon ITA"]
[Date "2001.02.08"]
[Round "6"]
[White "Tatai, Stefano"]
[Black "Vera Gonzalez-Quevedo, Reynaldo"]
[Result "0-1"]
[WhiteElo "2352"]
[BlackElo "2562"]
[PlyCount "52"]
[EventDate "2001.02.03"]

1. e4 c5 2. Nf3 d6 3. d4 cxd4 4. Nxd4 Nf6 5. Nc3 a6 6. Bg5 e6 7. f4 Qb6 8. Qd2
Qxb2 9. Rb1 Qa3 10. f5 Nc6 11. fxe6 fxe6 12. Nxc6 bxc6 13. e5 dxe5 14. Bxf6
gxf6 15. Ne4 Bg7 16. Be2 h5 17. Rb3 Qa4 18. Nxf6+ Bxf6 19. c4 Bh4+ 20. g3 Be7
21. O-O h4 22. Kh1 hxg3 23. Rxg3 Bd7 24. Qc3 O-O-O 25. Qxe5 c5 26. Rb1 Bd6 0-1

[Event "IX Open Vallee d'Aoste A"]
[Site "Saint Vincent - Chatillon ITA"]
[Date "2001.02.09"]
[Round "7"]
[White "Drasko, Milan"]
[Black "Sarno, Spartaco"]
[Result "1/2-1/2"]
[WhiteElo "2510"]
[BlackElo "2407"]
[PlyCount "85"]
[EventDate "2001.02.03"]

1. d4 Nf6 2. c4 g6 3. Nf3 Bg7 4. g3 O-O 5. Bg2 c6 6. Nc3 d5 7. cxd5 cxd5 8. Ne5
e6 9. O-O Nfd7 10. f4 f6 11. Nf3 f5 12. b3 Nc6 13. e3 Nf6 14. Ba3 Re8 15. Rc1
Bf8 16. Bxf8 Rxf8 17. Na4 Qe7 18. Nc5 b6 19. Nd3 Bd7 20. Rf2 Rfc8 21. Rfc2 Qd8
22. h3 Ne7 23. Nde5 Rxc2 24. Rxc2 Rc8 25. Nd2 Rxc2 26. Qxc2 Qc8 27. Qxc8+ Nxc8
28. g4 Bb5 29. g5 Nd7 30. Bf1 Nxe5 31. dxe5 Bxf1 32. Kxf1 Ne7 33. Ke2 Nc6 34.
a3 Kf7 35. Kd3 Ke8 36. b4 Kd7 37. Nb3 a5 38. b5 Nd8 39. a4 Nb7 40. Kd4 Kc7 41.
Kc3 Nc5 42. Nxc5 bxc5 43. Kd3 1/2-1/2

[Event "IX Open Vallee d'Aoste A"]
[Site "Saint Vincent - Chatillon ITA"]
[Date "2001.02.09"]
[Round "7"]
[White "Epishin, Vladimir V."]
[Black "Peralta, Fernando"]
[Result "1/2-1/2"]
[WhiteElo "2578"]
[BlackElo "2408"]
[PlyCount "85"]
[EventDate "2001.02.03"]

1. d4 f5 2. Nf3 e6 3. c4 Nf6 4. Nc3 b6 5. g3 Bb7 6. Bg2 Bb4 7. Bd2 Bxc3 8. Bxc3
Ne4 9. Qc2 Nxc3 10. Qxc3 Qf6 11. Rc1 Be4 12. O-O d6 13. Qe3 O-O 14. Ng5 Bxg2
15. Kxg2 Re8 16. f4 Nd7 17. Rcd1 Re7 18. Qf3 Rae8 19. e4 h6 20. Nh3 fxe4 21.
Qxe4 Qf5 22. Qe2 Nf6 23. Ng1 b5 24. b3 bxc4 25. bxc4 Rb8 26. Nf3 Qe4 27. Rfe1
Qxe2+ 28. Rxe2 Kf7 29. Rd3 Rb4 30. Rc2 Re8 31. Ra3 Ra8 32. Nd2 a5 33. Kf3 a4
34. Nf1 g5 35. Ne3 gxf4 36. gxf4 Rg8 37. d5 Rg1 38. Rd3 e5 39. fxe5 dxe5 40.
Rdd2 h5 41. d6 cxd6 42. Rxd6 Ng4 43. Ra6 1/2-1/2

[Event "IX Open Vallee d'Aoste A"]
[Site "Saint Vincent - Chatillon ITA"]
[Date "2001.02.09"]
[Round "7"]
[White "Genocchio, Daniele"]
[Black "Skembris, Spyridon"]
[Result "0-1"]
[WhiteElo "2278"]
[BlackElo "2450"]
[PlyCount "90"]
[EventDate "2001.02.03"]

1. c4 e5 2. g3 Nf6 3. Bg2 d5 4. cxd5 Nxd5 5. Nc3 Nb6 6. Nf3 Nc6 7. O-O Be7 8.
a3 O-O 9. b4 Be6 10. d3 a6 11. Bb2 f6 12. Na4 Nxa4 13. Qxa4 Qd7 14. Rac1 Rfd8
15. Rfd1 a5 16. b5 Na7 17. Nd2 Rdb8 18. d4 exd4 19. Nb3 Qxb5 20. Qxb5 Nxb5 21.
Nc5 Bxc5 22. Rxc5 c6 23. a4 Nc3 24. Bxc3 dxc3 25. Rxc3 Rd8 26. Rb1 Rd4 27. f4
Rb4 28. Re1 Rd8 29. Ra1 Rd2 30. Bf3 Ra2 31. Rd1 Raxa4 32. Re3 Bd5 33. Bxd5+
cxd5 34. Rxd5 Re4 35. Rd8+ Kf7 36. Rd7+ Kg6 37. Rxe4 Rxe4 38. Rxb7 Rxe2 39. Ra7
Ra2 40. g4 h5 41. f5+ Kh6 42. gxh5 a4 43. Kh1 a3 44. Kg1 Kxh5 45. Rxg7 Rb2 0-1

[Event "IX Open Vallee d'Aoste A"]
[Site "Saint Vincent - Chatillon ITA"]
[Date "2001.02.09"]
[Round "7"]
[White "Lalic, Bogdan"]
[Black "Paragua, Mark"]
[Result "1/2-1/2"]
[WhiteElo "2536"]
[BlackElo "2432"]
[PlyCount "25"]
[EventDate "2001.02.03"]

1. d4 Nf6 2. c4 g6 3. Nc3 Bg7 4. e4 d6 5. Nge2 O-O 6. Ng3 e5 7. d5 h5 8. Be2 a5
9. h4 Na6 10. Bg5 Qe8 11. Qd2 Kh7 12. Nf1 Ng4 13. f3 1/2-1/2

[Event "IX Open Vallee d'Aoste A"]
[Site "Saint Vincent - Chatillon ITA"]
[Date "2001.02.09"]
[Round "7"]
[White "Olarasu, Gabriela"]
[Black "Atalik, Suat"]
[Result "1/2-1/2"]
[WhiteElo "2347"]
[BlackElo "2543"]
[PlyCount "106"]
[EventDate "2001.02.03"]

1. Nf3 Nf6 2. c4 e6 3. Nc3 Bb4 4. Qc2 O-O 5. a3 Bxc3 6. Qxc3 b6 7. g3 d5 8. Bg2
Bb7 9. b4 d4 10. Qb3 e5 11. Bb2 Nbd7 12. O-O Rb8 13. d3 c5 14. Rfe1 Ne8 15. e3
Nc7 16. exd4 exd4 17. Qa4 Ne6 18. Bc1 Qf6 19. Qxd7 Bxf3 20. Qa4 Rb7 21. Bxf3
Qxf3 22. Qd1 Qf5 23. b5 Re8 24. Re4 Nc7 25. f3 Ne6 26. Qe2 Qg6 27. Bd2 a6 28.
a4 Ra8 29. Rf1 axb5 30. axb5 h6 31. f4 Nf8 32. f5 Qf6 33. Re8 Rba7 34. Rxa8
Rxa8 35. Qe4 Ra2 36. Bf4 Qd8 37. Re1 Kh7 38. f6+ Ng6 39. fxg7 Kxg7 40. Rf1 Qd7
41. Be5+ Kg8 42. Rf2 Ra1+ 43. Rf1 f5 44. Qe2 Rxf1+ 45. Kxf1 Qb7 46. Ke1 Qh1+
47. Kd2 Nxe5 48. Qxe5 Qxh2+ 49. Ke1 Qg1+ 50. Ke2 Qg2+ 51. Ke1 Qf3 52. Qb8+ Kh7
53. Qc7+ Kg8 1/2-1/2

[Event "IX Open Vallee d'Aoste A"]
[Site "Saint Vincent - Chatillon ITA"]
[Date "2001.02.09"]
[Round "7"]
[White "Polak, Tomas"]
[Black "Drabke, Lorenz Maximilian"]
[Result "1/2-1/2"]
[WhiteElo "2505"]
[BlackElo "2286"]
[PlyCount "41"]
[EventDate "2001.02.03"]

1. d4 d5 2. c4 c6 3. Nf3 Nf6 4. e3 Bf5 5. Nc3 e6 6. Nh4 Bg6 7. Qb3 Qb6 8. Nxg6
hxg6 9. Bd2 Nbd7 10. Be2 Be7 11. h3 Rc8 12. O-O O-O 13. Rfd1 Qc7 14. Rac1 Nb6
15. cxd5 exd5 16. Qc2 Bd6 17. Be1 Qe7 18. Bf3 Bb8 19. b3 Qe6 20. Qd3 Rfe8 21.
a4 1/2-1/2

[Event "IX Open Vallee d'Aoste A"]
[Site "Saint Vincent - Chatillon ITA"]
[Date "2001.02.09"]
[Round "7"]
[White "Rogers, Ian"]
[Black "Nevednichy, Vladislav"]
[Result "1/2-1/2"]
[WhiteElo "2529"]
[BlackElo "2563"]
[PlyCount "149"]
[EventDate "2001.02.03"]

1. e4 c5 2. Nf3 d6 3. d4 cxd4 4. Nxd4 Nf6 5. Nc3 Nc6 6. Bg5 e6 7. Qd2 a6 8.
O-O-O Bd7 9. f4 b5 10. Bxf6 gxf6 11. Nxc6 Bxc6 12. Qe3 Qe7 13. Bd3 Qa7 14. Qh3
b4 15. Ne2 h5 16. Kb1 Qc5 17. f5 e5 18. Qh4 Ke7 19. Ng3 Bh6 20. Nxh5 Bg5 21.
Qg4 a5 22. h4 Be3 23. b3 a4 24. Bc4 axb3 25. Bxb3 Rag8 26. Qf3 Bd4 27. Rd3 Bb5
28. Rhd1 Bxd3 29. Rxd3 Qa7 30. g3 Rc8 31. g4 Rc3 32. a4 Rxd3 33. Qxd3 Bc3 34.
Qf1 Qe3 35. Ka2 Qe1 36. Qxe1 Bxe1 37. Bd5 Rg8 38. g5 fxg5 39. f6+ Kf8 40. hxg5
Rxg5 41. Ng7 Rg3 42. Bb3 Rg6 43. Nf5 Rxf6 44. Bd5 Bf2 45. Kb3 Bc5 46. a5 Ke8
47. c3 bxc3 48. Kxc3 Rg6 49. a6 Kd7 50. Bxf7 Rg1 51. Bd5 Ra1 52. Bb7 d5 53.
exd5 e4 54. Ng3 e3 55. Bc6+ Kc7 56. Bb5 Kd6 57. Bc4 Ke5 58. Ne2 Ra3+ 59. Kb2
Ra5 60. Kc3 Ke4 61. Kc2 Ke5 62. Kc3 Ra3+ 63. Kc2 Bb4 64. Kb2 Kd6 65. Nd4 Kc5
66. d6 Kxc4 67. d7 Be7 68. d8=Q Bxd8 69. Kxa3 Be7+ 70. Ka2 Kxd4 71. a7 e2 72.
a8=Q e1=Q 73. Qa4+ Bb4 74. Qd7+ Kc4 75. Qf7+ 1/2-1/2

[Event "IX Open Vallee d'Aoste A"]
[Site "Saint Vincent - Chatillon ITA"]
[Date "2001.02.09"]
[Round "7"]
[White "Romanishin, Oleg M."]
[Black "Flores, Diego"]
[Result "1-0"]
[WhiteElo "2559"]
[BlackElo "2359"]
[PlyCount "91"]
[EventDate "2001.02.03"]

1. d4 Nf6 2. Nf3 g6 3. g3 Bg7 4. Bg2 O-O 5. O-O d6 6. a4 a5 7. Nc3 Nbd7 8. e4
e5 9. Be3 Re8 10. Re1 b6 11. Qd2 Bb7 12. Bg5 exd4 13. Nxd4 Nc5 14. Nb3 Nxb3 15.
cxb3 Qc8 16. Rac1 Nd7 17. Bh3 f5 18. Nd5 Nc5 19. exf5 Nxb3 20. Qd3 Nxc1 21.
Rxc1 c5 22. Qc4 Kh8 23. Qh4 Bxd5 24. fxg6 Qxh3 25. Qxh3 Bg8 26. Qh4 Re6 27.
gxh7 Bf7 28. b3 Rae8 29. Bd2 d5 30. Qf4 Rf6 31. Qc7 d4 32. Bg5 Rf5 33. Bf4 Bxb3
34. Qxb6 c4 35. Qg6 Ref8 36. Re1 R5f6 37. Qg4 Rxf4 38. gxf4 c3 39. Qg6 c2 40.
Qd3 Bxa4 41. f5 Rc8 42. Rc1 Rc3 43. Qa6 Rc6 44. Qxa5 Rc4 45. f6 Bxf6 46. Qa6
1-0

[Event "IX Open Vallee d'Aoste A"]
[Site "Saint Vincent - Chatillon ITA"]
[Date "2001.02.09"]
[Round "7"]
[White "Rytshagov, Mikhail"]
[Black "Socko, Monika"]
[Result "1/2-1/2"]
[WhiteElo "2525"]
[BlackElo "2348"]
[PlyCount "69"]
[EventDate "2001.02.03"]

1. e4 e6 2. d4 d5 3. e5 c5 4. c3 Qb6 5. Nf3 Nc6 6. a3 c4 7. Nbd2 Na5 8. Be2 Bd7
9. O-O f6 10. a4 O-O-O 11. b4 cxb3 12. Bb2 Ne7 13. c4 Nec6 14. Rc1 Be7 15. Bc3
Kb8 16. c5 Qc7 17. Bb5 g5 18. Re1 f5 19. Nxb3 Nxb3 20. Qxb3 Ka8 21. Ra1 g4 22.
Nd2 Bg5 23. Qb2 Bxd2 24. Bxd2 Rdf8 25. Bxc6 Bxc6 26. Bf4 h5 27. Re3 h4 28. Rb3
Rf7 29. a5 a6 30. Rb6 Ka7 31. Ra3 Rg8 32. Rab3 Rfg7 33. Qa3 Qc8 34. Qb2 Rf7 35.
Qe2 1/2-1/2

[Event "IX Open Vallee d'Aoste A"]
[Site "Saint Vincent - Chatillon ITA"]
[Date "2001.02.09"]
[Round "7"]
[White "Sermek, Drazen"]
[Black "Gleizerov, Evgeny"]
[Result "1/2-1/2"]
[WhiteElo "2515"]
[BlackElo "2586"]
[PlyCount "65"]
[EventDate "2001.02.03"]

1. e4 e6 2. d4 d5 3. Nd2 Nf6 4. Bd3 c5 5. e5 Nfd7 6. c3 Nc6 7. Ne2 cxd4 8. cxd4
f6 9. exf6 Nxf6 10. O-O Bd6 11. Nf3 Qc7 12. Bg5 O-O 13. Bh4 Nh5 14. Qc2 h6 15.
Bh7+ Kh8 16. Bg6 Rxf3 17. Bxh5 Rf8 18. Bg3 Bd7 19. Rac1 Rac8 20. Qd2 Bxg3 21.
hxg3 Qb6 22. Nf4 Kg8 23. Ng6 Rf7 24. Rfd1 Rd8 25. Rc3 Be8 26. Bg4 Rf6 27. Nf4
Bf7 28. Re3 Re8 29. Rde1 Qxd4 30. Qxd4 Nxd4 31. Nxd5 Nc2 32. Nxf6+ gxf6 33.
R1e2 1/2-1/2

[Event "IX Open Vallee d'Aoste A"]
[Site "Saint Vincent - Chatillon ITA"]
[Date "2001.02.09"]
[Round "7"]
[White "Skripchenko Lautier, Almira"]
[Black "Socko, Bartosz"]
[Result "1/2-1/2"]
[WhiteElo "2453"]
[BlackElo "2557"]
[PlyCount "72"]
[EventDate "2001.02.03"]

1. e4 e6 2. d3 c5 3. Nf3 Nc6 4. c3 Nge7 5. Be3 b6 6. d4 cxd4 7. cxd4 d5 8. e5
Nf5 9. Nc3 Be7 10. Bd3 O-O 11. O-O Nb4 12. Be2 Ba6 13. Bxa6 Nxa6 14. Qa4 Nc7
15. Qc6 Na6 16. Qa4 Nb8 17. Rac1 Qd7 18. Qxd7 Nxd7 19. Rc2 Rfc8 20. Rfc1 Bd8
21. g4 Nxe3 22. fxe3 Rc7 23. Nb5 Rxc2 24. Rxc2 a6 25. Nd6 b5 26. b3 Kf8 27. Kf1
Rb8 28. Ke2 Nb6 29. Kd3 f6 30. e4 Ke7 31. a3 Kd7 32. exd5 Nxd5 33. Ne4 Nf4+ 34.
Ke3 Nd5+ 35. Kd3 Nf4+ 36. Ke3 Nd5+ 1/2-1/2

[Event "IX Open Vallee d'Aoste A"]
[Site "Saint Vincent - Chatillon ITA"]
[Date "2001.02.09"]
[Round "7"]
[White "Vera Gonzalez-Quevedo, Reynaldo"]
[Black "Godena, Michele"]
[Result "1/2-1/2"]
[WhiteElo "2562"]
[BlackElo "2494"]
[PlyCount "81"]
[EventDate "2001.02.03"]

1. d4 d5 2. c4 e6 3. Nc3 Nf6 4. cxd5 exd5 5. Bg5 c6 6. Qc2 Nbd7 7. e3 Be7 8.
Bd3 Nh5 9. Bxe7 Qxe7 10. Nge2 Nb6 11. O-O g6 12. Rab1 O-O 13. b4 Be6 14. a4 a6
15. Rfe1 Rfe8 16. Qd2 Qg5 17. Ra1 Bh3 18. Ng3 Nxg3 19. hxg3 Bf5 20. b5 Bxd3 21.
Qxd3 axb5 22. axb5 Qe7 23. Ne2 Nc4 24. bxc6 bxc6 25. Nf4 Rxa1 26. Rxa1 Rb8 27.
Qc3 Qe4 28. Qd3 Qe7 29. Rb1 Qa7 30. Qc2 Kg7 31. Nd3 Rxb1+ 32. Qxb1 Qa3 33. g4
Qc3 34. Qd1 Nb2 35. Nxb2 Qxb2 36. g5 h6 37. gxh6+ Kxh6 38. Qf3 Kg7 39. g4 Qb1+
40. Kg2 g5 41. Qe2 1/2-1/2

[Event "IX Open Vallee d'Aoste A"]
[Site "Saint Vincent - Chatillon ITA"]
[Date "2001.02.09"]
[Round "7"]
[White "Vezzosi, Paolo"]
[Black "Cocchi, Andrea"]
[Result "1/2-1/2"]
[WhiteElo "2423"]
[BlackElo "2258"]
[PlyCount "82"]
[EventDate "2001.02.03"]

1. d4 d5 2. c4 dxc4 3. Nf3 Nf6 4. e3 e6 5. Bxc4 a6 6. O-O c5 7. Qe2 Nc6 8. Rd1
b5 9. dxc5 Qc7 10. Bd3 Nb4 11. Nc3 Nxd3 12. Qxd3 Bxc5 13. b4 Be7 14. Bb2 Bb7
15. Rac1 Qb6 16. a3 O-O 17. Ne2 Be4 18. Qd4 Qb7 19. Ne1 Rfd8 20. Qe5 Rxd1 21.
Rxd1 Qc8 22. Bd4 Qc4 23. Nc3 Bb7 24. f3 Rd8 25. Nd3 h6 26. Bc5 Rxd3 27. Rxd3
Qxd3 28. Bxe7 Nd7 29. Qd4 Qxd4 30. exd4 Nb6 31. Bc5 Nd5 32. Nxd5 Bxd5 33. Kf2
f6 34. h4 h5 35. Ke3 Kf7 36. Kf4 Bc4 37. Bd6 Ke8 38. g4 g6 39. g5 Kd7 40. Bc5
fxg5+ 41. Kxg5 Be2 1/2-1/2

[Event "IX Open Vallee d'Aoste A"]
[Site "Saint Vincent - Chatillon ITA"]
[Date "2001.02.09"]
[Round "7"]
[White "Volzhin, Alexander"]
[Black "Valdes Romero, Leonardo"]
[Result "1-0"]
[WhiteElo "2542"]
[BlackElo "2338"]
[PlyCount "61"]
[EventDate "2001.02.03"]

1. Nf3 Nf6 2. c4 g6 3. Nc3 d5 4. Qa4+ Bd7 5. Qb3 dxc4 6. Qxc4 Bg7 7. e4 O-O 8.
e5 Ng4 9. d4 Be6 10. d5 Bf5 11. Bf4 Nd7 12. Qe2 f6 13. e6 Nc5 14. Qc4 g5 15.
Bg3 Na6 16. h4 Nh6 17. hxg5 fxg5 18. Nxg5 Qe8 19. Be2 Rc8 20. O-O Kh8 21. Rad1
Bg6 22. Nf3 Nf5 23. Be5 Kg8 24. Bxg7 Nxg7 25. Ne5 Rf5 26. Qd4 Nb8 27. Bd3 Rh5
28. Bxg6 hxg6 29. g4 Rh6 30. Qf4 Rh7 31. Ne4 1-0

[Event "IX Open Vallee d'Aoste A"]
[Site "Saint Vincent - Chatillon ITA"]
[Date "2001.02.09"]
[Round "7"]
[White "Zelcic, Robert"]
[Black "Arencibia Rodriguez, Walter"]
[Result "0-1"]
[WhiteElo "2500"]
[BlackElo "2534"]
[PlyCount "92"]
[EventDate "2001.02.03"]

1. e4 c6 2. d4 d5 3. Nd2 dxe4 4. Nxe4 Nf6 5. Nxf6+ gxf6 6. Bc4 Bf5 7. Ne2 e6 8.
Ng3 Bg6 9. c3 Bd6 10. Qf3 Nd7 11. Bh6 Rg8 12. h4 Bxg3 13. Qxg3 Ke7 14. Qe3 Bf5
15. O-O-O Nb6 16. Bb3 Nd5 17. Qd2 Rxg2 18. c4 Rc8 19. Rdg1 Qg8 20. Qe1 Qg6 21.
Bd2 Nb6 22. Rxg2 Qxg2 23. Rg1 Qe4 24. Bb4+ Kd7 25. Qxe4 Bxe4 26. Rg7 Bg6 27.
Bd1 h5 28. Bc2 f5 29. b3 Na8 30. Kd2 Nc7 31. Ke3 Rh8 32. Kf4 Ne8 33. Rxg6 fxg6
34. Kg5 Rg8 35. Bd1 Nd6 36. Kf6 a5 37. Ba3 b5 38. cxb5 cxb5 39. Bc5 Ne4+ 40.
Kf7 Rc8 41. Kxg6 Nxc5 42. dxc5 Rxc5 43. Bxh5 Rc2 44. Kf6 Rxa2 45. Bf7 Re2 46.
h5 a4 0-1

[Event "IX Open Vallee d'Aoste A"]
[Site "Saint Vincent - Chatillon ITA"]
[Date "2001.02.10"]
[Round "8"]
[White "Atalik, Suat"]
[Black "Naumkin, Igor"]
[Result "1-0"]
[WhiteElo "2543"]
[BlackElo "2446"]
[PlyCount "69"]
[EventDate "2001.02.03"]

1. d4 e6 2. Nf3 Nf6 3. c4 b6 4. g3 Bb7 5. Bg2 Be7 6. Nc3 O-O 7. Qd3 d5 8. cxd5
exd5 9. O-O h6 10. Bf4 Na6 11. Rac1 c5 12. Be5 Ne4 13. dxc5 Naxc5 14. Qd1 a5
15. Rc2 Qd7 16. Bd4 Rfd8 17. Ne5 Qe8 18. Nd3 Bd6 19. Qc1 Rac8 20. Nxe4 dxe4 21.
Nxc5 bxc5 22. Bc3 Ra8 23. Rd1 a4 24. Rcd2 Qe6 25. Qc2 h5 26. e3 h4 27. gxh4 Bc7
28. Rxd8+ Bxd8 29. Qe2 Bf6 30. Qb5 Ba6 31. Qxa4 Bxc3 32. bxc3 Re8 33. Rd6 Qxd6
34. Qxe8+ Kh7 35. Bxe4+ 1-0

[Event "IX Open Vallee d'Aoste A"]
[Site "Saint Vincent - Chatillon ITA"]
[Date "2001.02.10"]
[Round "8"]
[White "Cebalo, Miso"]
[Black "Mukic, Josko"]
[Result "1-0"]
[WhiteElo "2483"]
[BlackElo "2268"]
[PlyCount "67"]
[EventDate "2001.02.03"]

1. d4 Nf6 2. c4 e5 3. dxe5 Ng4 4. Bf4 g5 5. Bg3 Bg7 6. Nf3 Nc6 7. Nc3 Ngxe5 8.
Nxe5 Nxe5 9. e3 h5 10. h3 b6 11. Be2 Bb7 12. f4 Ng6 13. Bf3 Bxf3 14. Qxf3 Bxc3+
15. bxc3 gxf4 16. O-O O-O 17. exf4 h4 18. Bf2 f5 19. c5 Qf6 20. Rad1 Qc6 21.
Qd5+ Rf7 22. Qxc6 dxc6 23. Rfe1 Nxf4 24. Rd4 Nd5 25. Rxh4 Raf8 26. c4 Nf6 27.
Re6 b5 28. Bd4 bxc4 29. Rxc6 Kg7 30. Bxf6+ Rxf6 31. Rxc7+ Kg6 32. Rxc4 f4 33.
Rxa7 f3 34. Ra3 1-0

[Event "IX Open Vallee d'Aoste A"]
[Site "Saint Vincent - Chatillon ITA"]
[Date "2001.02.10"]
[Round "8"]
[White "Cocchi, Andrea"]
[Black "Sedina, Elena"]
[Result "1/2-1/2"]
[WhiteElo "2258"]
[BlackElo "2393"]
[PlyCount "45"]
[EventDate "2001.02.03"]

1. e4 e6 2. Qe2 c5 3. g3 Nc6 4. Bg2 d6 5. c3 g6 6. f4 Bg7 7. Nf3 Nge7 8. O-O
O-O 9. Na3 Rb8 10. Nc2 b5 11. a3 a5 12. d4 b4 13. axb4 axb4 14. dxc5 bxc3 15.
bxc3 dxc5 16. Ra3 Qb6 17. Be3 Bb7 18. Qf2 Qb2 19. Bxc5 Bxc3 20. Ne3 Qxf2+ 21.
Kxf2 Bb4 22. Bxb4 Nxb4 23. Ne5 1/2-1/2

[Event "IX Open Vallee d'Aoste A"]
[Site "Saint Vincent - Chatillon ITA"]
[Date "2001.02.10"]
[Round "8"]
[White "Drabke, Lorenz Maximilian"]
[Black "Godena, Michele"]
[Result "1/2-1/2"]
[WhiteElo "2286"]
[BlackElo "2494"]
[PlyCount "56"]
[EventDate "2001.02.03"]

1. e4 e5 2. Bc4 Nf6 3. d3 Nc6 4. Nf3 h6 5. O-O d6 6. c3 g6 7. d4 Qe7 8. Re1 Bg7
9. Nbd2 O-O 10. h3 Bd7 11. Nf1 Rae8 12. Ng3 Qd8 13. a4 Kh8 14. a5 Qc8 15. Qb3
b6 16. axb6 axb6 17. Qc2 exd4 18. cxd4 d5 19. Bb5 dxe4 20. Nxe4 Nb4 21. Qb3
Bxb5 22. Qxb4 Nxe4 23. Qxb5 Nd6 24. Rxe8 Nxb5 25. Rxc8 Rxc8 26. Be3 Rd8 27. Kf1
Kg8 28. Ra4 Kf8 1/2-1/2

[Event "IX Open Vallee d'Aoste A"]
[Site "Saint Vincent - Chatillon ITA"]
[Date "2001.02.10"]
[Round "8"]
[White "Flores, Diego"]
[Black "Caoili, Arianne"]
[Result "1-0"]
[WhiteElo "2359"]
[BlackElo "2132"]
[PlyCount "63"]
[EventDate "2001.02.03"]

1. e4 c5 2. Nf3 e6 3. c3 Nf6 4. e5 Nd5 5. d4 cxd4 6. cxd4 d6 7. Nc3 Nc6 8. exd6
Bxd6 9. Bd3 Nf4 10. Bxf4 Bxf4 11. Qe2 Nxd4 12. Nxd4 Qxd4 13. Bb5+ Ke7 14. O-O
a6 15. Ba4 b5 16. Qf3 Rb8 17. Rad1 Qf6 18. Bc2 Bd6 19. Qc6 Qe5 20. Nd5+ Kf8 21.
f4 Bb7 22. Qb6 Bxd5 23. Qxb8+ Bxb8 24. fxe5 Bxe5 25. Bb3 Bxb2 26. Bxd5 exd5 27.
Rxd5 g6 28. Rd7 f6 29. Re1 Be5 30. Kf1 h5 31. Ra7 b4 32. Rd1 1-0

[Event "IX Open Vallee d'Aoste A"]
[Site "Saint Vincent - Chatillon ITA"]
[Date "2001.02.10"]
[Round "8"]
[White "Gleizerov, Evgeny"]
[Black "Efimov, Igor"]
[Result "1/2-1/2"]
[WhiteElo "2586"]
[BlackElo "2480"]
[PlyCount "53"]
[EventDate "2001.02.03"]

1. d4 d5 2. c4 dxc4 3. e3 Nf6 4. Bxc4 e6 5. Nf3 c5 6. O-O Nbd7 7. Qe2 a6 8. Bb3
Qc7 9. Rd1 Bd6 10. Nbd2 b5 11. a4 Rb8 12. axb5 axb5 13. h3 O-O 14. e4 e5 15. d5
c4 16. Bc2 Nc5 17. Nf1 Bd7 18. Bg5 Ne8 19. N3d2 f6 20. Be3 g6 21. g4 Ng7 22.
Ng3 Ra8 23. Kh1 Na6 24. Rg1 Nb4 25. Rxa8 Rxa8 26. Bb1 Bc5 27. Bh6 1/2-1/2

[Event "IX Open Vallee d'Aoste A"]
[Site "Saint Vincent - Chatillon ITA"]
[Date "2001.02.10"]
[Round "8"]
[White "Peralta, Fernando"]
[Black "Volzhin, Alexander"]
[Result "1/2-1/2"]
[WhiteElo "2408"]
[BlackElo "2542"]
[PlyCount "54"]
[EventDate "2001.02.03"]

1. Nf3 Nf6 2. c4 e6 3. e3 b6 4. b3 Bb7 5. Bb2 Be7 6. Nc3 O-O 7. d4 d5 8. Bd3 c5
9. O-O cxd4 10. exd4 Nc6 11. Qe2 Nb4 12. Bb1 dxc4 13. bxc4 Bxf3 14. gxf3 Re8
15. Rd1 g6 16. Ne4 Rc8 17. a3 Na6 18. Ba2 Bf8 19. Kh1 Bg7 20. Bb3 Nb8 21. Ba4
Rf8 22. Rac1 Qe7 23. Qe3 Nxe4 24. fxe4 e5 25. dxe5 Bxe5 26. Bxe5 Qxe5 27. Rd5
Qe7 1/2-1/2

[Event "IX Open Vallee d'Aoste A"]
[Site "Saint Vincent - Chatillon ITA"]
[Date "2001.02.10"]
[Round "8"]
[White "Rytshagov, Mikhail"]
[Black "Bellia, Fabrizio"]
[Result "1-0"]
[WhiteElo "2525"]
[BlackElo "2384"]
[PlyCount "83"]
[EventDate "2001.02.03"]

1. e4 c5 2. Nf3 Nc6 3. d4 cxd4 4. Nxd4 Qb6 5. Nb3 Nf6 6. Nc3 e6 7. Bd3 a6 8.
Be3 Qc7 9. f4 d6 10. Qe2 b5 11. O-O-O Bb7 12. Kb1 Be7 13. Rhe1 Rc8 14. g4 O-O
15. g5 Nd7 16. e5 dxe5 17. f5 g6 18. fxe6 fxe6 19. Bxg6 hxg6 20. Qd3 Rf5 21.
Qxd7 Qxd7 22. Rxd7 Ba8 23. Ne4 Nb4 24. Ng3 Rf7 25. c3 Nd5 26. Bd2 Nb6 27. Ra7
Nc4 28. Rxa6 Bd5 29. Bc1 Rc7 30. Nd2 Rf2 31. Nde4 Rxh2 32. b3 Bb7 33. Rxe6 Na3+
34. Bxa3 Bxa3 35. Rxg6+ Kh7 36. Re6 b4 37. c4 Bxe4+ 38. Nxe4 Kh8 39. Rxe5 Rb2+
40. Ka1 Rc2 41. Nf6 Kg7 42. Ne8+ 1-0

[Event "IX Open Vallee d'Aoste A"]
[Site "Saint Vincent - Chatillon ITA"]
[Date "2001.02.10"]
[Round "8"]
[White "Sarno, Spartaco"]
[Black "Polak, Tomas"]
[Result "0-1"]
[WhiteElo "2407"]
[BlackElo "2505"]
[PlyCount "70"]
[EventDate "2001.02.03"]

1. c4 e6 2. Nf3 Nf6 3. g3 d5 4. b3 b6 5. Bg2 Bb7 6. O-O Be7 7. Bb2 O-O 8. e3 c5
9. Qe2 Nbd7 10. d3 Qc7 11. Nc3 Rad8 12. Rad1 Qb8 13. e4 d4 14. Nb1 e5 15. Ne1
Bd6 16. Bc1 Ne8 17. f4 exf4 18. gxf4 f5 19. e5 Be7 20. Bd5+ Kh8 21. Qg2 Ba8 22.
Rf3 Nc7 23. Rh3 Nxd5 24. cxd5 Rfe8 25. Qg6 Nf8 26. Qxf5 Bxd5 27. Qh5 g6 28. Qh6
Qc8 29. Rg3 Qf5 30. Nd2 Ne6 31. Ndf3 Rf8 32. Ng2 Bxf3 33. Rxf3 Bg5 34. Qh3 Qxh3
35. Rxh3 Nxf4 0-1

[Event "IX Open Vallee d'Aoste A"]
[Site "Saint Vincent - Chatillon ITA"]
[Date "2001.02.10"]
[Round "8"]
[White "Skembris, Spyridon"]
[Black "Epishin, Vladimir V."]
[Result "1/2-1/2"]
[WhiteElo "2450"]
[BlackElo "2578"]
[PlyCount "27"]
[EventDate "2001.02.03"]

1. d4 Nf6 2. c4 g6 3. Nc3 d5 4. Nf3 Bg7 5. cxd5 Nxd5 6. e4 Nxc3 7. bxc3 O-O 8.
Be3 Nd7 9. Be2 a6 10. O-O b5 11. e5 Nb6 12. Ng5 Bb7 13. Bf3 Bxf3 14. Qxf3
1/2-1/2